Tập tục xứ Quảng theo một vòng đời
Nội dung sách giới thiệu: Chương I: Tục sinh đẻ và những khúc hát ru; Chương II: Thói quen vui chơi của trẻ; Chương III: Tập tục hôn nhân gia đình và những điệu lý đi kèm; Chương IV: Tục dựng nhà; Chương V: Tập tục trong lao động sản xuất và nh...
Đã lưu trong:
| 主要作者: | |
|---|---|
| 格式: | 圖書 |
| 語言: | Undetermined |
| 出版: |
Hà Nội
Đại học Quốc gia Hà Nội
2010
|
| 主題: | |
| 標簽: |
添加標簽
沒有標簽, 成為第一個標記此記錄!
|
| Thư viện lưu trữ: | Trung tâm Học liệu Trường Đại học Cần Thơ |
|---|
| LEADER | 01169nam a2200205Ia 4500 | ||
|---|---|---|---|
| 001 | CTU_164078 | ||
| 008 | 210402s9999 xx 000 0 und d | ||
| 082 | |a 394.597 | ||
| 082 | |b H420 | ||
| 100 | |a Võ, Văn Hòe | ||
| 245 | 0 | |a Tập tục xứ Quảng theo một vòng đời | |
| 245 | 0 | |c Võ Văn Hòe | |
| 260 | |a Hà Nội | ||
| 260 | |b Đại học Quốc gia Hà Nội | ||
| 260 | |c 2010 | ||
| 520 | |a Nội dung sách giới thiệu: Chương I: Tục sinh đẻ và những khúc hát ru; Chương II: Thói quen vui chơi của trẻ; Chương III: Tập tục hôn nhân gia đình và những điệu lý đi kèm; Chương IV: Tục dựng nhà; Chương V: Tập tục trong lao động sản xuất và những điệu hò, lễ hội; ChươngVI: Tập tục tang ma và hò đưa linh; Chương VII: Tục thờ kính tiên tổ thần linh. | ||
| 650 | |a Vietnam,Việt Nam | ||
| 650 | |x Social life and customs,Phong tục và đời sống xã hội | ||
| 904 | |i HPTVi,Qhieu | ||
| 980 | |a Trung tâm Học liệu Trường Đại học Cần Thơ | ||